Terence Welford (1) Colin Phillips (2) IOD Skip Hire Limited V EDF Energy Networks (LPN) PLC (Record no. 78793)
[ view plain ]
| 000 -LEADER | |
|---|---|
| fixed length control field | 01546cad a22001935a 4500 |
| 001 - CONTROL NUMBER | |
| control field | L138123 |
| 008 - FIXED-LENGTH DATA ELEMENTS--GENERAL INFORMATION | |
| fixed length control field | 070517s2007 xxk f w 000 0 eng d |
| 035 ## - SYSTEM CONTROL NUMBER | |
| System control number | (Sirsi) u138123 |
| 041 0# - LANGUAGE CODE | |
| Language code of text/sound track or separate title | eng |
| 245 00 - TITLE STATEMENT | |
| Title | Terence Welford (1) Colin Phillips (2) IOD Skip Hire Limited V EDF Energy Networks (LPN) PLC |
| Medium | [electronic resource] |
| 260 ## - PUBLICATION, DISTRIBUTION, ETC. | |
| Date of publication, distribution, etc. | 2007 |
| 520 ## - SUMMARY, ETC. | |
| Summary, etc. | Considers whether a claim can be made for loss of business profits owing to the presence of electricity cables. W had purchased land for use by their business. After obtaining planning permission they had begun development and started preparatory work. They were then made aware of the presence of electricity cables beneath it and requested their removal by E. E obtained a wayleave for their retention. The effect of this was to limit construction work and therefore the development of the business. "Held": It was found that the value of the land had been reduced by the presence of the cables. Investment had been made in the land and operations begun, which constituted the presence of a business. The business would have begun full operations in 1996, but this was delayed until 2000 due to the presence of the cables. Therefore a loss of profits was discernable. |
| 590 ## - LOCAL NOTE (RLIN) | |
| Local note | KA |
| 650 24 - SUBJECT ADDED ENTRY--TOPICAL TERM | |
| Topical term or geographic name entry element | WELFORD V EDF ENERGY NETWORKS PLC |
| 651 #4 - SUBJECT ADDED ENTRY--GEOGRAPHIC NAME | |
| Geographic name | England and Wales |
| Chronological subdivision | 1543- |
| 690 ## - LOCAL SUBJECT ADDED ENTRY--TOPICAL TERM (OCLC, RLIN) | |
| Topical term or geographic name as entry element | PROPERTY-PROPERTY MANAGEMENT-EASEMENTS-WAYLEAVES |
| 856 40 - ELECTRONIC LOCATION AND ACCESS | |
| Public note | http://www.landstribunal.gov.uk/aspx/view.aspx?id=356 |
| -- | View the article free of charge at www.landstribunal.gov.uk... |
| 942 ## - ADDED ENTRY ELEMENTS (KOHA) | |
| Suppress in OPAC | 0 |
| Withdrawn status | Lost status | Source of classification or shelving scheme | Damaged status | Not for loan | Home library | Current library | Shelving location | Date acquired | Total Checkouts | Full call number | Barcode | Date last seen | Copy number | Price effective from | Koha item type |
|---|---|---|---|---|---|---|---|---|---|---|---|---|---|---|---|
| Dewey Decimal Classification | Virtual | Virtual | Online | 17/05/2007 | ONLINE PUBLICATION | 138123-1001 | 06/08/2019 | 1 | 06/08/2019 | Journal article |